Exotic attractors : from Liapunof stability to riddled basins
Αποθηκεύτηκε σε:
| Κύριος συγγραφέας: | |
|---|---|
| Μορφή: | Βιβλίο |
| Γλώσσα: | English |
| Δημοσίευση: |
Basel ; : Boston :
Birkhauser Verlag,
c1997
|
| Σειρά: | Progress in mathematics (Boston, Mass.)
; 153 |
| Θέματα: | |
| Ετικέτες: |
Προσθήκη ετικέτας
Δεν υπάρχουν, Καταχωρήστε ετικέτα πρώτοι!
|
MARC
| LEADER | 00000nam a2200000 i 4500 | ||
|---|---|---|---|
| 001 | 1/90178 | ||
| 008 | 990920s1997 eng d | ||
| 020 | |a 3-7643-5793-2 | ||
| 035 | |l 10052999 | ||
| 040 | |a GR-MY-UA |b gre |e aacr | ||
| 041 | 0 | |a eng | |
| 082 | 0 | |a 514.74 | |
| 100 | 1 | |a Buescu, Jorge |d 1964- | |
| 245 | 1 | 0 | |a Exotic attractors : |b from Liapunof stability to riddled basins / |c Jorge Buescu |
| 260 | |a Basel ; : |a Boston : |b Birkhauser Verlag, |c c1997 | ||
| 300 | |a xiii, 130 p.; |b ill.; |c 24 cm. | ||
| 490 | 1 | |a Progress in mathematics (Boston, Mass.) |v ; 153 | |
| 500 | |a Includes bibliographical references and index | ||
| 650 | 0 | 0 | |a Attractors (Mathematics) |
| 830 | 0 | |a Progress in mathematics (Boston, Mass.) |v ; 153 | |
| 852 | |a INST |b SAMOS |e 19990920 |h 514.74 BUE |p 005300012270 |q 005300012270 |t BK |y 0 | ||
| 901 | |a BIBL3-1999-3 | ||
| 909 | |a Σ |b 067139 | ||
| 922 | |a 3ΕΛΗ |b 199907 |c ΕΠΕΑΕΚ/ΜΑΘ |d ΠΑΠΑΣΩΤΗΡΙΟΥ | ||
| 970 | |a ΠΟΥΡΝΑΡΑΣ |b ΔΗΜΗΤΡΗΣ |z 1999/09/20 | ||